Normal view
MARC view
Entry Personal Name
001 - CONTROL NUMBER
- control field: 22479
003 - CONTROL NUMBER IDENTIFIER
- control field: BD-DhEWU
005 - DATE AND TIME OF LATEST TRANSACTION
- control field: 20180513203901.0
008 - FIXED-LENGTH DATA ELEMENTS
- fixed length control field: 180513|| aca||aabn | a|a d
040 ## - CATALOGING SOURCE
- Original cataloging agency: BD-DhEWU
- Transcribing agency: BD-DhEWU
100 ## - HEADING--PERSONAL NAME
- Personal name: Bilal, Dania,
- Dates associated with a name: 1956-
670 ## - SOURCE DATA FOUND
- Source citation: Work cat.: (BD-DhEWU)0: Bilal, Dania, 1956-, Library automation :, 2014